| 000 | 00991nam a2200277 a 4500 | ||
|---|---|---|---|
| 001 | 000047630 | ||
| 003 | OSt | ||
| 005 | 20240412074306.0 | ||
| 008 | 110407s2017 dr r 000 f spa d | ||
| 020 | _a9789945897265 | ||
| 040 |
_aDO-SdBNP _bspa _cDO-SdBNP |
||
| 082 | 4 |
_aRD863.4 _bC422sa 2017 _222 |
|
| 100 | 1 |
_aCestero, Tulio M., _q(Tulio Manuel), _d1877-1955 _91698 |
|
| 245 | 1 | 3 |
_aLa sangre : _buna vida bajo la tiranía / _cTulio M. Cestero ; prólogo Roberto Cassá. |
| 260 |
_aSanto Domingo : _bInstituto Superior de Formación Docente Salomé Ureña, _c2017. |
||
| 300 |
_a203 p. ; _c24 cm. |
||
| 490 |
_aClásicos dominicanos ; _aNarrativa _v1 |
||
| 590 | _aInventariado, 2018/ YL | ||
| 650 | 0 |
_aNovela histórica dominicana. _9860 |
|
| 650 | 0 |
_aLiteratura dominicana. _967 |
|
| 700 | 1 |
_aCassá, Roberto, _d1948- _eprólogo _910888 |
|
| 830 |
_aClásicos dominicanos _pNarrativa _975253 _n1 |
||
| 910 | _aValidado. Control de calidad. MFF | ||
| 942 |
_2ddc _cLBS1 |
||
| 956 | _aVMateo | ||
| 999 |
_c47118 _d47118 |
||